| 000 | 00694nam a2200253Ia 4500 | ||
|---|---|---|---|
| 003 | OSt | ||
| 005 | 20220928120824.0 | ||
| 006 | a|||||r|||| 00| 0 | ||
| 007 | ta | ||
| 008 | 220927b |||||||| |||| 00| 0 eng d | ||
| 024 | _a70771 | ||
| 037 | _cTextual | ||
| 040 |
_aSDCL _cSDCL _beng |
||
| 041 |
_2eng _aeng |
||
| 082 | _aR3, P1 | ||
| 100 |
_aLoux Michael J Ed. _9451303 |
||
| 245 | 0 |
_aMetaphysics _b Contemporary readings. |
|
| 260 |
_aLondon _bRoutledge _c2001 |
||
| 300 |
_axii,555p _ccm. |
||
| 490 | _aRoutledge contemporary readings in philosophy | ||
| 650 |
_aMetaphysics _9363915 |
||
| 942 |
_hR3, P1 _cTEXL _2CC |
||
| 999 |
_c765382 _d765382 |
||